000 00236nam a2200097Ia 4500
008 240625s9999 xx 000 0 und d
041 _aeng
100 _aGAONKAR RAMESH
245 _aMICROPROCESSOR ARCHITECTURE PROGRAMMING
260 _c1999
999 _c33300
_d33300